Manualidades para niños : (Registro nro. 14743)

Detalles MARC
000 -LIDER
fixed length control field 01138nam a2200277 4500
003 - IDENTIFICACDOR DE NÚMERO DE CONTROL
control field DO-SdBNP
005 - DATE AND TIME OF LATEST TRANSACTION
control field 20240723083724.0
008 - ELEMENTOS DE LONGITUD FIJA
fixed length control field 161207b2010 sp 00| 0 spa d
020 ## - ISBN
International Standard Book Number 9788483690505 (o.c)
040 ## - FUENTE DE CATALOGACIÓN
Agencia que crea de manera original el registro BPMSU
Idioma de catalogación spa
Agencia que realiza la transcripción BPMSU
082 #4 - NÚMERO DE CLASIFICACIÓN DECIMAL DE DEWEY
Classification number 745.5
Item number M294pa 2010
Edition number 22
245 00 - MENCIÓN DE TITULO
Título Manualidades para niños :
Subtítulo paso a paso /
Mención de responsabilidad María García Sáenz ; fotografías David Medina
260 ## - PUBLICACIÓN, DISTRIBUCIÓN, ETC. (PIE DE IMPRENTA)
Lugar de publicación, distribución, etc Madrid :
Nombre del editor, distribuidor, etc. Cultural ,
Fecha de publicación, distribución, etc 2010
300 ## - DESCRIPCIÓN FÍSICA
Materiales especificados 3 v. :
Otros detalles físicos il. :
Dimensiones 26 cm
505 0# - NOTA DE CONTENIDO
Información miscelánea v. 1.
Título La contura; la tela ; la lana; los muñecos ; la cuerda ; la rafia
--
505 0# - NOTA DE CONTENIDO
Información miscelánea v. 2.
Título Las materias naturales ; el modelado ; el corcho ; la paja ; las marionetas
--
505 ## - NOTA DE CONTENIDO
Información miscelánea v. 3.
Título El papel ; la cartulina ; dibujar y pintar ; los envases ; el papel maché
590 ## - NOTA LOCAL
Texto de la nota local Inventariado, 2024/VM
650 #4 - ENCABEZAMIENTO DE MATERIA--TEMÁTICO
Término temático o nombre geográfico como elemento de entrada Artesanías
Subdivisión temática general Literatura infantil
650 #4 - ENCABEZAMIENTO DE MATERIA--TEMÁTICO
Término temático o nombre geográfico como elemento de entrada Trabajos en papel
Subdivisión temática general Literatura infantil
650 #4 - ENCABEZAMIENTO DE MATERIA--TEMÁTICO
Término temático o nombre geográfico como elemento de entrada Trabajos manuales (Educación)
Subdivisión temática general Literatura infantil
700 1# - ASIENTO SECUNDARIO -- NOMBRE PERSONAL
Nombre personal García Sáenz, María
Mención de responsabilidad Manualidades
700 1# - ASIENTO SECUNDARIO -- NOMBRE PERSONAL
Nombre personal Medina, David
Mención de responsabilidad fotografías
910 ## - VALIDACIÓN
Validación VMateo V. Control de calidad BPMSU
942 ## - ADDED ENTRY ELEMENTS (KOHA)
Source of classification or shelving scheme Dewey Decimal Classification
Koha item type Libros
Existencias
Withdrawn status Lost status Source of classification or shelving scheme Damaged status Not for loan Collection code Home library Current library Date acquired Total Checkouts Full call number Barcode Date last seen Copy number Price effective from Koha item type
    Dewey Decimal Classification     Colección Infantil General Biblioteca Pública Metropolitana Salomé Ureña Biblioteca Pública Metropolitana Salomé Ureña 07/23/2024   BPMSU CGI 745.5 M294pa 2010 BPMSU24070096 07/23/2024 v.1 07/23/2024 Libros
    Dewey Decimal Classification     Colección Infantil General Biblioteca Pública Metropolitana Salomé Ureña Biblioteca Pública Metropolitana Salomé Ureña 07/23/2024   BPMSU CGI 745.5 M294pa 2010 BPMSU24070097 07/23/2024 v.2 07/23/2024 Libros
    Dewey Decimal Classification     Colección Infantil General Biblioteca Pública Metropolitana Salomé Ureña Biblioteca Pública Metropolitana Salomé Ureña 07/23/2024   BPMSU CGI 745.5 M294pa 2010 BPMSU24070098 07/23/2024 v.3 07/23/2024 Libros